Nelinejnyj tipologičeskij analiz social'no-ekonomičeskoj informacii matematičeskije i vyčislitel'nyje metody
Salvato in:
| Autore principale: | |
|---|---|
| Natura: | Libro |
| Lingua: | russo |
| Pubblicazione: |
Leningrad
Nauka
1983
|
| Tags: |
Nessun Tag, puoi essere il primo ad aggiungerne!!
|
MARC
| LEADER | 00000nam a2200000 4500 | ||
|---|---|---|---|
| 001 | c106026 | ||
| 005 | 20230223122450.3 | ||
| 041 | 0 | |a rus | |
| 044 | |a RU | ||
| 245 | 1 | 0 | |a Nelinejnyj tipologičeskij analiz social'no-ekonomičeskoj informacii |b matematičeskije i vyčislitel'nyje metody |c Vladimir Terent'jevič Perekrest |
| 264 | 1 | |a Leningrad |b Nauka |c 1983 | |
| 300 | |a 173 s. | ||
| 100 | 1 | |a Perekrest, Vladimir Terent'jevič | |